Một đặc điểm của thi pháp truyện Nam Cao /

Bewaard in:
Bibliografische gegevens
Hoofdauteur: Phạm Quang Long, TS.
Formaat: Artikel
Taal:Vietnamese
Onderwerpen:
Tags: Voeg label toe
Geen labels, Wees de eerste die dit record labelt!
Thư viện lưu trữ: Thư viện Trường Đại học Đà Lạt
LEADER 00822nam a2200289 4500
001 DLU090070573
005 ##20090428
040 # # |a DLU  |b vie 
041 # # |a vie 
044 # # |a vn 
100 # # |a Phạm Quang Long,   |c TS. 
245 # # |a Một đặc điểm của thi pháp truyện Nam Cao /  |c Phạm Quang Long. 
653 # # |a Nam Cao, 1917-1951 
653 # # |a Nhà văn 
653 # # |a Thi pháp học 
653 # # |a Truyện 
653 # # |a Văn học hiện thực 
773 # # |t Tạp chí văn học  |g Số 2(266), 1994, tr. 20-22 
920 # # |a Phòng Tạp chí -- Trung tâm Thông tin - Thư viện Trường Đại học Đà Lạt 
994 # # |a DLU 
900 # # |a True 
911 # # |a Nguyễn Thị Thu Phương 
925 # # |a G 
926 # # |a A 
927 # # |a BB 
980 # # |a Thư viện Trường Đại học Đà Lạt